LEADER 03939nam 22007335 450 001 996465441603316 005 20200702022749.0 010 $a3-030-38889-1 024 7 $a10.1007/978-3-030-38889-8 035 $a(CKB)4900000000505230 035 $a(DE-He213)978-3-030-38889-8 035 $a(MiAaPQ)EBC6111534 035 $a(PPN)242845819 035 $a(EXLCZ)994900000000505230 100 $a20200104d2020 u| 0 101 0 $aeng 135 $aurnn|008mamaa 181 $ctxt$2rdacontent 182 $cc$2rdamedia 183 $acr$2rdacarrier 200 10$aSmart Cities$b[electronic resource] $eSecond Ibero-American Congress, ICSC-CITIES 2019, Soria, Spain, October 7?9, 2019, Revised Selected Papers /$fedited by Sergio Nesmachnow, Luis Hernández Callejo 205 $a1st ed. 2020. 210 1$aCham :$cSpringer International Publishing :$cImprint: Springer,$d2020. 215 $a1 online resource (XI, 301 p. 184 illus., 166 illus. in color.) 225 1 $aCommunications in Computer and Information Science,$x1865-0929 ;$v1152 311 $a3-030-38888-3 320 $aIncludes bibliographical references and index. 327 $aSmart Cities -- Energy Efficiency and Sustainability -- Infrastructures, Energy and the Environment -- Smart Mobility -- Intelligent Transportation Systems -- Internet of Things -- Governance and Citizenship. 330 $aThis book constitutes the thoroughly refereed proceedings of the Second Ibero-American Congress, ICSC-CITIES 2019, held in Soria, Spain, in October 2019. The 22 full papers presented were carefully reviewed and selected from 98 submissions. The papers focus on Energy Efficiency and Sustainability; Infrastructures, Energy and the Environment; Mobility and Internet of Things; and Governance and Citizenship. 410 0$aCommunications in Computer and Information Science,$x1865-0929 ;$v1152 606 $aApplication software 606 $aComputer communication systems 606 $aSpecial purpose computers 606 $aArchitecture, Computer 606 $aUser interfaces (Computer systems) 606 $aData structures (Computer science) 606 $aInformation Systems Applications (incl. Internet)$3https://scigraph.springernature.com/ontologies/product-market-codes/I18040 606 $aComputer Communication Networks$3https://scigraph.springernature.com/ontologies/product-market-codes/I13022 606 $aSpecial Purpose and Application-Based Systems$3https://scigraph.springernature.com/ontologies/product-market-codes/I13030 606 $aComputer System Implementation$3https://scigraph.springernature.com/ontologies/product-market-codes/I13057 606 $aUser Interfaces and Human Computer Interaction$3https://scigraph.springernature.com/ontologies/product-market-codes/I18067 606 $aData Structures and Information Theory$3https://scigraph.springernature.com/ontologies/product-market-codes/I15009 615 0$aApplication software. 615 0$aComputer communication systems. 615 0$aSpecial purpose computers. 615 0$aArchitecture, Computer. 615 0$aUser interfaces (Computer systems). 615 0$aData structures (Computer science). 615 14$aInformation Systems Applications (incl. Internet). 615 24$aComputer Communication Networks. 615 24$aSpecial Purpose and Application-Based Systems. 615 24$aComputer System Implementation. 615 24$aUser Interfaces and Human Computer Interaction. 615 24$aData Structures and Information Theory. 676 $a307.760285 702 $aNesmachnow$b Sergio$4edt$4http://id.loc.gov/vocabulary/relators/edt 702 $aHernández Callejo$b Luis$4edt$4http://id.loc.gov/vocabulary/relators/edt 801 0$bMiAaPQ 801 1$bMiAaPQ 801 2$bMiAaPQ 906 $aBOOK 912 $a996465441603316 996 $aSmart cities$9261580 997 $aUNISA LEADER 03190nam 2200697 450 001 9910790922903321 005 20230125212547.0 010 $a1-60649-873-8 035 $a(CKB)2550000001279410 035 $a(EBL)1680052 035 $a(SSID)ssj0001236847 035 $a(PQKBManifestationID)12460160 035 $a(PQKBTitleCode)TC0001236847 035 $a(PQKBWorkID)11248226 035 $a(PQKB)10371047 035 $a(OCoLC)880626426 035 $a(CaBNVSL)swl00403405 035 $a(Au-PeEL)EBL1680052 035 $a(CaPaEBR)ebr10873417 035 $a(CaONFJC)MIL600597 035 $a(OCoLC)878924355 035 $a(CaSebORM)9781606498729 035 $a(MiAaPQ)EBC1680052 035 $a(EXLCZ)992550000001279410 100 $a20140525d2014 fy 0 101 0 $aeng 135 $aur|n|---||||| 181 $ctxt 182 $cc 183 $acr 200 10$aBasel III liquidity regulation and its implications /$fMark A. Petersen and Janine Mukuddem-Petersen 205 $aFirst edition. 210 1$aNew York, New York (222 East 46th Street, New York, NY 10017) :$cBusiness Expert Press,$d2014. 215 $a1 online resource (192 p.) 225 1 $aEconomics collection,$x2163-7628 300 $aPart of: 2014 digital library. 311 $a1-60649-872-X 311 $a1-306-69346-2 320 $aIncludes bibliographical references (pages 159-164) and index. 327 $a1. An overview of the Basel capital accords -- 2. Introduction to Basel III liquidity regulation -- 3. Basel III liquidity regulation and bank failure -- 4. Basel III liquidity creation and bank capital -- 5. Basel III liquidity regulation and the economy -- Notes -- References -- Index. 330 3 $aLiquidity involves the degree to which an asset can be bought or sold in the market without affecting its price. The 2007 to 2009 financial crisis was characterized by a decrease in liquidity and necessitated the introduction of Basel III capital and liquidity regulation in 2010. In this book, we apply such regulation on a broad cross-section of countries in order to understand and demonstrate the implications of Basel III.This book summarizes the defining features of the Basel I, II, and III Accords and their perceived shortcomings as well as the role of the Basel Committee on Banking Supervision (BCBS) in promulgating international banking regulation. In addition, we compare the accords in terms of their ability to determine the capital adequacy of banks and assign risk-weights to assets. 410 0$a2014 digital library. 410 0$aEconomics collection.$x2163-7628 606 $aBank liquidity 610 $abank failure 610 $aBasel III 610 $acapital 610 $aliquidity 610 $aliquidity creation 610 $amacroeconomic variables 615 0$aBank liquidity. 676 $a332.10681 700 $aPetersen$b Mark A.$01528951 702 $aMukuddem-Petersen$b Janine. 801 0$bMiAaPQ 801 1$bMiAaPQ 801 2$bMiAaPQ 906 $aBOOK 912 $a9910790922903321 996 $aBasel III liquidity regulation and its implications$93772919 997 $aUNINA